000 01286nam a2200349Ia 4500
001 dia_3202
003 CHAP
005 20240226125201.0
007 ta
008 220117s2004 mx abo f 001 0 spa d
040 _cCHAP
_amxchpua
090 _aT.C.376
_bP74 SAI
_c2004
245 1 0 _aReporte de viaje realizado al estado de Michoacán, México :
_bSAI Zarzamora /
_ccoordinador Artemio Pérez López ; colaboradores Juan Pascual Ramírez...[et al.]
260 _aMéxico :
_bEl Autor,
_c2004
300 _aiii, 60 hojas :
_bilustraciones, tablas, gráficas, mapas, fotos
336 _2rdacontent
_atexto
_btxt
337 _2rdamedia
_asin medio
_bn
338 _2rdacarrier
_avolumen
_bnc
500 _aGrado : 6° año
502 _aViaje de Estudios
_b(SAI) --
_cUACh. Departamento de Ingeniería Agroindustrial,
_d2004
504 _aBibliografía: hoja 57
650 1 3 _aZarzamora
_9154304
_zMéxico
_zMichoacán
650 1 3 _aBlackberries
_9154303
_zMexico
_zMichoacán
700 1 _aPérez López, Artemio
_9149931
_ecoordinador
700 1 _aPascual Ramírez, Juan
_985852
_ecolaborador
901 _aT.C.376 P74 SAI 2004
902 _aM
905 _a5232272004 mx db 8223123322spa16
942 _2local
942 _cVE
999 _c173700
_d173700